| 000 | 01208nam a2200325 a 4500 | ||
|---|---|---|---|
| 001 | 016066468 | ||
| 003 | OSt | ||
| 005 | 20201128021121.0 | ||
| 008 | 120326t2013 xxka frd 001 0 eng d | ||
| 020 | _a9780273768470 (pbk.) | ||
| 020 | _a0273768476 (pbk.) | ||
| 040 |
_aStDuBDS _beng _cStDuBDS _dUk _dEG-ScBUE |
||
| 082 | 0 | 0 |
_a658.15 _222 _bBRO |
| 100 | 1 |
_aBrooks, Raymond, _d1950- _936481 |
|
| 245 | 1 | 0 |
_aFinancial management : _bcore concepts / _cRaymond M. Brooks ; contributions by Abhik Kumar Mukherjee. |
| 250 |
_a2nd ed., _binternational ed. |
||
| 260 |
_aHarlow, United Kingdom : _bPearson Education Limited, _cc.2013 _f(Courier Kendallville) |
||
| 300 |
_a645 p. : _bill. (col.) ; _c28 cm. |
||
| 490 | 1 | _aThe Prentice Hall series in finance | |
| 500 | _aPrevious ed. : Upper Saddle River, N.J.: Pearson, 2010. | ||
| 500 | _aIndex : p. 637-644. | ||
| 500 | _aGlossary : p. 627-636. | ||
| 500 | _aIncludes appendixes. | ||
| 650 | 0 |
_aBusiness enterprises _xFinance _91452 |
|
| 653 |
_bBUSADM _cNovember2014 |
||
| 655 |
_vreading book _934232 |
||
| 700 | 1 |
_aMukherjee, Abhik Kr. _q(Abhik Kumar) _936482 _econtributor. |
|
| 830 | 0 |
_aPrentice Hall series in finance _919996 |
|
| 942 |
_2ddc _k658.15 BRO |
||
| 999 |
_c18591 _d18563 |
||